000 01504nam a22002297a 4500
999 _c60271
_d60271
003 Ge_BSU
005 20230623120621.0
008 230623s1954 g ||||| |||| 00| 0 geo d
041 _ageo
080 _a94(495)"01/04" კ-36
100 _aკახაძე, მ.
_918921
245 _aქართველები ბიზანტიის პოლიტიკურსა და კულტურულ ცხოვრებაში /
_cმ. კახაძე; რედ. ი. ცინცაძე; საქ. სსრ მეცნ. აკად., ივ. ჯავახიშვილის სახ. ისტორიის ინ-ტი.
264 _aთბილისი :
_bსაქ. სსრ მეცნ. აკად. გამ-ბა და სტ.,
_c1954.
300 _a98 გვ. ;
_b22 სმ.
490 _aმეცნიერულ-პოპულარული ლიტერატურის სერია
504 _aბიბლიოგრ. შენიშვნებში
653 _aსაქართველო-ბიზანტიის ურთიერთობის ისტორია
653 _aბიზანტიის ისტორია
700 _a ცინცაძე, ი.
_eრედაქტორი
_918922
710 _aსაქ. სსრ მეცნ. აკადემია
_bივ. ჯავახიშვილის სახ. ისტორიის ინ-ტი.
_918923
942 _2udc
_cBK